Teoría y método en psicología social (Registro nro. 5264)

Detalles MARC
000 -CABECERA
campo de control de longitud fija 01039nam a22003135 4500
001 - NÚMERO DE CONTROL
campo de control Mimo0002244199
003 - IDENTIFICADOR DEL NÚMERO DE CONTROL
campo de control SpMaBN
005 - FECHA Y HORA DE LA ÚLTIMA TRANSACCIÓN
campo de control 20210826104809.0
008 - DATOS DE LONGITUD FIJA--INFORMACIÓN GENERAL
campo de control de longitud fija 920310s1992 sp spa
016 7# - NÚMERO DE CONTROL DE UNA AGENCIA BIBLIOGRÁFICA NACIONAL
Número de control del registro bimoBNE19920276386
Fuente SpMaBN
017 ## - NÚMERO DE COPYRIGHT O DE DEPÓSITO LEGAL
Número de copyright o de depósito legal B 731-1992
Agencia que asigna Oficina Depósito Legal Barcelona
020 ## - NÚMERO INTERNACIONAL ESTÁNDAR DEL LIBRO
Número Internacional Estándar del Libro 8476583281
035 ## - NÚMERO DE CONTROL DEL SISTEMA
Número de control de sistema (OCoLC)434321332
040 ## - FUENTE DE LA CATALOGACIÓN
Centro catalogador/agencia de origen SpMaBN
Centro/agencia transcriptor AR-RoIUNI
080 ## - NÚMERO DE LA CLASIFICACIÓN DECIMAL UNIVERSAL
Número de la Clasificación Decimal Universal 316.6
245 00 - MENCIÓN DE TÍTULO
Título Teoría y método en psicología social
Medio [Texto impreso]
Mención de responsabilidad, etc. Darío Páez... [et al.] ; introducción de Tomás Ibáñez
250 ## - MENCIÓN DE EDICIÓN
Mención de edición [1ª ed.]
260 ## - PUBLICACIÓN, DISTRIBUCIÓN, ETC. (PIE DE IMPRENTA)
Lugar de publicación, distribución, etc. Barcelona
Nombre del editor, distribuidor, etc. Anthropos
Fecha de publicación, distribución, etc. 1992
300 ## - DESCRIPCIÓN FÍSICA
Extensión 431 p.
Dimensiones 20 cm
440 #0 - MENCIÓN DE SERIE/PUNTO DE ACCESO ADICIONAL--TÍTULO
Título Autores, textos y temas.
Nombre de parte o sección de la obra Psicología
Designación de volumen o secuencia 17
650 #7 - PUNTO DE ACCESO ADICIONAL DE MATERIA--TÉRMINO DE MATERIA
Término de materia o nombre geográfico como elemento inicial Psicología social
Fuente del encabezamiento o término embne
9 (RLIN) 439
650 #7 - PUNTO DE ACCESO ADICIONAL DE MATERIA--TÉRMINO DE MATERIA
Término de materia o nombre geográfico como elemento inicial Psicologia
9 (RLIN) 108
700 1# - PUNTO DE ACCESO ADICIONAL--NOMBRE DE PERSONA
Nombre de persona Páez, Darío
942 ## - ELEMENTOS DE PUNTO DE ACCESO ADICIONAL (KOHA)
Fuente del sistema de clasificación o colocación Clasificación Decimal Universal
Tipo de ítem Koha Libros
956 ## - LOCALIZACIÓN Y ACCESO ELECTRÓNICOS LOCAL (OCLC)
Nombre del host 1 2
980 ## - EQUIVALENCIA O REFERENCIA-CRUZADA-MENCIÓN DE SERIE--NOMBRE DE PERSONA/TÍTULO [LOCAL, CANADÁ]
Nombre de persona B 731-1992
-- 84-7658-328-1
-- M-BN
Numeración BNMADRID
Calificador de atribución 9/5869
Títulos y otros términos asociados al nombre SG_RECOLET
980 ## - EQUIVALENCIA O REFERENCIA-CRUZADA-MENCIÓN DE SERIE--NOMBRE DE PERSONA/TÍTULO [LOCAL, CANADÁ]
Nombre de persona B 731-1992
-- M-BN
Numeración BNALCALA
Calificador de atribución AHM/110220
Títulos y otros términos asociados al nombre SALA_ALC
980 ## - EQUIVALENCIA O REFERENCIA-CRUZADA-MENCIÓN DE SERIE--NOMBRE DE PERSONA/TÍTULO [LOCAL, CANADÁ]
Nombre de persona M-BN
Numeración BNALCALA
Calificador de atribución DL/433883
Títulos y otros términos asociados al nombre CONSERVACI
Existencias
Estado de retiro Estado de pérdida Fuente del sistema de clasificación o colocación Estado dañado Excepción de préstamo Código de colección Localización permanente Ubicación/localización actual Ubicación en estantería Fecha de adquisición Fuente de adquisición Número de inventario Total de préstamos Signatura topográfica completa Código de barras Fecha visto por última vez Precio válido a partir de Tipo de ítem Koha Nota pública
    Clasificación Decimal Universal     Psicología BIBLIOTECA RIOBAMBA BIBLIOTECA RIOBAMBA BIBLIOTECA RIOBAMBA 11/02/2026 Compra 9270   316.6 TEO 9270 11/02/2026 11/02/2026 Libros psicologia social
    Clasificación Decimal Universal     Psicología BIBLIOTECA VENADO TUERTO BIBLIOTECA VENADO TUERTO BIBLIOTECA VENADO TUERTO 26/08/2021 Compra 6954   316.6 TEO 6954 26/08/2021 26/08/2021 Libros